Towards a civilisation of love : (Record no. 118444)
[ view plain ]
| 000 -LEADER | |
|---|---|
| fixed length control field | 00818cam a2200265 a 4500 |
| 001 - CONTROL NUMBER | |
| control field | 4467371 |
| 003 - CONTROL NUMBER IDENTIFIER | |
| control field | ARRUPE |
| 005 - DATE AND TIME OF LATEST TRANSACTION | |
| control field | 20131023174149.0 |
| 008 - FIXED-LENGTH DATA ELEMENTS--GENERAL INFORMATION | |
| fixed length control field | 890117s1988 enk 000 0 eng d |
| 020 ## - INTERNATIONAL STANDARD BOOK NUMBER | |
| International Standard Book Number | 0340489367 (cased) : |
| 020 ## - INTERNATIONAL STANDARD BOOK NUMBER | |
| International Standard Book Number | 0340489316 (pbk) : |
| 035 ## - SYSTEM CONTROL NUMBER | |
| System control number | (OCoLC)505784728 |
| 035 ## - SYSTEM CONTROL NUMBER | |
| System control number | (OCoLC)ocn505784728 |
| 035 ## - SYSTEM CONTROL NUMBER | |
| System control number | (NNC)4467371 |
| 040 ## - CATALOGING SOURCE | |
| Original cataloging agency | Uk |
| Transcribing agency | Uk |
| Modifying agency | DLC |
| -- | CStRLIN |
| -- | NNUT |
| 050 ## - LIBRARY OF CONGRESS CALL NUMBER | |
| Classification number | BX1746.H921 1988 |
| 300 ## - PHYSICAL DESCRIPTION | |
| Dimensions | 23 cm. |
| 100 1# - MAIN ENTRY--PERSONAL NAME | |
| Personal name | Hume, Basil, |
| Dates associated with a name | 1923-1999. |
| 9 (RLIN) | 2928 |
| 245 10 - TITLE STATEMENT | |
| Title | Towards a civilisation of love : |
| Remainder of title | being church in today's world / |
| Statement of responsibility, etc | Basil Hume. |
| 260 ## - PUBLICATION, DISTRIBUTION, ETC. (IMPRINT) | |
| Place of publication, distribution, etc | London : |
| Name of publisher, distributor, etc | Hodder and Stoughton, |
| Date of publication, distribution, etc | 1988. |
| 300 ## - PHYSICAL DESCRIPTION | |
| Extent | 177 p. ; |
| 650 #0 - SUBJECT ADDED ENTRY--TOPICAL TERM | |
| Topical term or geographic name as entry element | Mission of the church. |
| 9 (RLIN) | 2929 |
| 650 #0 - SUBJECT ADDED ENTRY--TOPICAL TERM | |
| Topical term or geographic name as entry element | Church and social problems |
| General subdivision | Catholic Church. |
| 9 (RLIN) | 2930 |
| 942 ## - ADDED ENTRY ELEMENTS (KOHA) | |
| Source of classification or shelving scheme | Library of Congress Classification |
| Koha item type | Monograph ( Printed materials) |
| Withdrawn status | Lost status | Source of classification or shelving scheme | Damaged status | Not for loan | Home library | Current library | Shelving location | Date acquired | Total Checkouts | Full call number | Barcode | Date last seen | Price effective from | Koha item type |
|---|---|---|---|---|---|---|---|---|---|---|---|---|---|---|
| Library of Congress Classification | ARRUPE LIBRARY | ARRUPE LIBRARY | Main Collection | 23/10/2013 | BX1746.H921 1988 | 46410652 | 22/11/2017 | 23/10/2013 | Monograph ( Printed materials) |